000 00291nam a2200121Ia 4500
008 220216s9999 xx 000 0 und d
100 _aJayakumar K.G
245 0 _aAgasthya vanathil rubber vasantham
260 _bRubber
_c2021
300 _a14-Dec
650 _aAgasthya vanam
942 _cJS
999 _c53922
_d53922